A towering challenge. (Record no. 61511)

MARC details
000 -LEADER
fixed length control field 00690cam a2200181 4500
001 - CONTROL NUMBER
control field WB3523-14
008 - FIXED-LENGTH DATA ELEMENTS--GENERAL INFORMATION
fixed length control field 000000n1999 000 0 eng u
035 ## - SYSTEM CONTROL NUMBER
System control number (Sirsi) u102499
245 #2 - TITLE STATEMENT
Title A towering challenge.
260 ## - PUBLICATION, DISTRIBUTION, ETC.
Date of publication, distribution, etc. 1999
490 ## - SERIES STATEMENT
Series statement Yorkshire Post
Volume/sequential designation 11 June 1999, 13(1)
520 ## - SUMMARY, ETC.
Summary, etc. Considers the status of the tower block, from the sixties when they were feted as the new example of urban living, through to the eighties when they were symbolic of all that was wrong with urban living. Asks whether it is time to reconsider the image of tower flats.
650 ## - SUBJECT ADDED ENTRY--TOPICAL TERM
Topical term or geographic name entry element TOWER BLOCKS
650 ## - SUBJECT ADDED ENTRY--TOPICAL TERM
Topical term or geographic name entry element FLATS
650 ## - SUBJECT ADDED ENTRY--TOPICAL TERM
Topical term or geographic name entry element URBAN AREAS
690 ## - LOCAL SUBJECT ADDED ENTRY--TOPICAL TERM (OCLC, RLIN)
Topical term or geographic name as entry element ECONOMIC AND SOCIAL
942 ## - ADDED ENTRY ELEMENTS (KOHA)
Suppress in OPAC 0
Holdings
Withdrawn status Lost status Source of classification or shelving scheme Damaged status Not for loan Home library Current library Shelving location Date acquired Total Checkouts Full call number Barcode Date last seen Copy number Price effective from Koha item type
    Dewey Decimal Classification     London London News article 22/11/1999   WB3523-14 102499-1001 06/08/2019 1 06/08/2019 News article